Lý thuyết truyền tin

"Lý thuyết truyền tin" được biên soạn nhằm mục đích phục vụ nhu cầu học tập của sinh viên ngành Điện tử - Viễn thông và tài liệu tham khảo cho sinh viên các ngành kỹ thuật khác có liên quan. Sách đề cập đến những vấn đề cơ bản nha...

Disgrifiad llawn

Wedi'i Gadw mewn:
Manylion Llyfryddiaeth
Prif Awdur: Trần, Trung Dũng
Fformat: Llyfr
Iaith:Undetermined
Cyhoeddwyd: Hà Nội Khoa học và kỹ thuật 2007
Pynciau:
Tagiau: Ychwanegu Tag
Dim Tagiau, Byddwch y cyntaf i dagio'r cofnod hwn!
Thư viện lưu trữ: Trung tâm Học liệu Trường Đại học Cần Thơ
LEADER 01051nam a2200205Ia 4500
001 CTU_132693
008 210402s9999 xx 000 0 und d
020 |c 57000 
082 |a 621.382 
082 |b D513 
100 |a Trần, Trung Dũng 
245 0 |a Lý thuyết truyền tin 
245 0 |c Trần Trung Dũng, Nguyễn Thuý Anh 
260 |a Hà Nội 
260 |b Khoa học và kỹ thuật 
260 |c 2007 
520 |a "Lý thuyết truyền tin" được biên soạn nhằm mục đích phục vụ nhu cầu học tập của sinh viên ngành Điện tử - Viễn thông và tài liệu tham khảo cho sinh viên các ngành kỹ thuật khác có liên quan. Sách đề cập đến những vấn đề cơ bản nhất của lý thuyết thông tin và lý thuyết tín hiệu. 
650 |a Communication in engineering,Kỹ thuật truyền tin 
904 |i Quang Hiếu 
980 |a Trung tâm Học liệu Trường Đại học Cần Thơ